Responses for show #6832 - Tuesday, May 6, 2014

Battle of the Decades quarterfinal game 2.

Contestants

Russ Schumacher, a university professor from Fort Collins, Colorado

Pam Mueller, a graduate student in psychology from Princeton, New Jersey

Tom Nosek, an aerospace consultant from Torrance, California

Jeopardy! Round responses

IT'S GREEK MYTH TO ME
(Alex: We will show you the name in Greek, and we'll also give you a clue.)
TV IQ TEST
ON THE MAP
TECH TALK
THE MISSING MAN
"FOR"MATION
    $200 7
Olympus

Tom
    $200 28
(Russ: What is [*]? You betcha.)

Fargo

Russ
    $200 5
(Russ: What is Italy?)

Spain

Russ
Triple Stumper
    $200 26
Jelly Bean

Russ
    $200 25
(Tom: Who is the "Peerless Leader" [*]?)
(Alex: Yes! You got a plug in for him, way to go.)

Frank Chance

Tom
    $200 20
fortune

Tom
    $400 8
Nemea

Tom
    $400 29
Hot in Cleveland

Russ
    $400 4
(Russ: What is Bogotá?)

Caracas

TomRuss
    $400 27
serial number

Pam
    $3,000 24
(Michael) Collins

Tom
    $400 19
a foray

Tom
    $600 9
Deion

Triple Stumper
    $600 12
(Aaron) Sorkin

Russ
    $600 1
National Geographic

Tom
    $600 6
white hat

Pam
    $600 23
(Henry) Lomb

Tom
    $600 16
Fortress

Pam
    $800 10
Artemis

Russ
    $800 13
Elizabeth Montgomery

Triple Stumper
    $800 2
Anatolia

Tom
    $800 14
(Pam: What is iTunes?)

QuickTime

Pam
Triple Stumper
    $800 22
Caspar

Pam
    $800 17
forensic

Pam
    $1000 11
Poseidon

Pam
    $1000 30
Simon and Simon

Russ
    $1000 3
Cape Agulhas

Tom
    $1000 15
virtual reality

Pam
    $1000 21
McKinley

Pam
    $1000 18
Forsythia

Tom

Scores at the first commercial break (after clue 15):

Tom Pam Russ
$3,400 $1,800 $800

Scores at the end of the Jeopardy! Round:

Tom Pam Russ
$8,800 $5,400 $2,600

Double Jeopardy! Round responses

YUCKY HISTORY
CROSSWORD WORDS
FEATURING FLAGS
WEATHER
MUSICAL SPLITS
FRENCH POETS
    $400 30
quartered

Tom
    $400 29
nugget

Pam
    $400 14
the Bayeux Tapestry

Pam
    $400 26
the Sahara

Russ
    $400 28
Sonny and Cher

Pam
    $400 25
The Marseillaise

Tom
    $800 15
typhoid and typhus

Pam
    $800 8
Sherman

Tom
    $800 5
(Tom: What is Vermont?)
...
(Alex: What is [*], the Evergreen State?)

Washington

Tom
Triple Stumper
    $800 27
fog

Pam
    $800 1
Dolly Parton

Russ
    $5,000 7
Victor Hugo

Pam
    $1200 16
tanneries

Pam
    $1200 9
absolution

Tom
    $1200 6
vexillology

Pam
    $1200 21
(Tom: What is Bangladesh?)

the Phillipines

TomRuss
    $1200 2
Ike Turner

Russ
    $1200 19
Voltaire

Pam
    $1600 17
middens

Triple Stumper
    $1600 10
(Tom: What is sidekick?)

antagonist

TomRuss
    $1600 12
hoist

Tom
    $1600 22
a balloon

Russ
    $1600 3
Oasis

Pam
    $1600 20
snows

Tom
    $3,000 18
(Pam: [Long pause] What are... horses?)

anthills

Pam
    $2000 11
cruciverbalist

Russ
    $2000 13
a swan

Triple Stumper
    $2000 23
ceiling

Russ
    $2000 4
Big Audio Dynamite

Russ
    $2000 24
Provençal

Pam

Scores at the end of the Double Jeopardy! Round:

Tom Pam Russ
$11,200 $17,400 $15,400

Final Jeopardy! Round responses

U.S. STATES
(Alex: [Before the responses are revealed] And it was all because of an oil and gas boom.)
TomWhat is Texas?
$8,800
RussWhat is North Dakota?
$1,300
PamWhat is Arizona? Washington?
$2,602
North Dakota

Final scores:

Tom Pam Russ
$2,400 $14,798 $16,700
3rd place: $10,000 if eliminated 2nd place: $10,000 if eliminated Automatic semifinalist

Game dynamics:

Coryat scores:

Tom Pam Russ
$8,600 $16,200 $15,400
18 R
(including 1 DD),
3 W
19 R
(including 1 DD),
2 W
(including 1 DD)
15 R,
2 W

Combined Coryat: $40,200

The J! Archive is created by fans, for fans. The Jeopardy! game show and all elements thereof, including but not limited to copyright and trademark thereto, are the property of Jeopardy Productions, Inc. and are protected under law. This website is not affiliated with, sponsored by, or operated by Jeopardy Productions, Inc. Join the discussion at JBoard.tv.